00722 2200265 4500001002100000005001700021008004100038020002200079035002400101040001200125082001900137084001900156090001900175100001800194245007000212250001100282260003000293300003200323650002000355700001800375850001200393990001700405990001700422990001700439INLIS00000000000088220141118143150.0  a978-602-7888-22-7 0010-111400000000240 aYOPDYOG a899.2213 Yoa C a899.2213 Yoa C a899.2213 Yoa C aYOANA DIANIKA aThe Chocolate Chancec/ Yoana Dianika ; penyunting, Nunung Wiyati aCet. 1 aYogyakartabBentangc2013 a346 hlm.c; 21 cm. [3 eks.] aFiksi Indonesia aNunung Wiyati aYOPDYOG a9722-PD/B.14 a9723-PD/B.14 a9724-PD/B.14